[Event "SD-2014-0-00195"]
[Site "LSS email"]
[Date "2014.06.23"]
[Round "?"]
[White "Borisov, Alex"]
[Black "Strohmeier, Josef"]
[Result "1-0"]
[WhiteElo "1852"]
[BlackElo "1172"]
[PlyCount "21"]
[EventDate "2014.04.02"]
[EventType "tourn (corr)"]
[EventRounds "6"]
[EventCountry "GER"]
[SourceTitle "Corr 2015"]
[Source "ChessBase"]
[SourceDate "2015.07.17"]
[SourceVersion "1"]
[SourceVersionDate "2015.07.17"]
[SourceQuality "1"]

1. e4 c5 2. Nf3 Nc6 3. d4 cxd4 4. Nxd4 Nf6 5. Nc3 e5 6. Ndb5 d6 7. Bg5 h6 8. Bxf6 gxf6 9. Nd5 Rb8 10. Nbc7+ Kd7 11. Qg4+ 1-0

[Event "SD-2014-0-00195"]
[Site "LSS email"]
[Date "2014.06.22"]
[Round "?"]
[White "Henke, Simon"]
[Black "Borisov, Alex"]
[Result "0-1"]
[WhiteElo "1472"]
[BlackElo "1852"]
[PlyCount "52"]
[EventDate "2014.04.02"]
[EventType "tourn (corr)"]
[EventRounds "6"]
[EventCountry "GER"]
[SourceTitle "Corr 2015"]
[Source "ChessBase"]
[SourceDate "2015.07.17"]
[SourceVersion "1"]
[SourceVersionDate "2015.07.17"]
[SourceQuality "1"]

1. c4 c6 2. g3 d5 3. Nf3 Nf6 4. Bg2 dxc4 5. 0-0 Nbd7 6. Qc2 Nb6 7. Na3 Be6 8. Ng5 Bg4 9. f3 Bh5 10. Nxc4 h6 11. Nh3 Qd4+ 12. Ne3 Bg6 13. Qc3 e5 14. Qxd4 exd4 15. Nd1 Nfd5 16. Ndf2 0-0-0 17. d3 Re8 18. Re1 Bb4 19. Rd1 Rxe2 20. Nf4 Nxf4 21. Bxf4 Nd5 22. Bf1 Rxb2 23. Be5 Bc3 24. Bxg7 Rh7 25. Bf8 Ne3 26. Rdc1 Rd2 0-1

[Event "SE-2014-0-00167"]
[Site "LSS email"]
[Date "2014.05.22"]
[Round "?"]
[White "Borisov, Alex"]
[Black "Kalinin, Vyacheslav"]
[Result "1-0"]
[WhiteElo "1852"]
[BlackElo "1183"]
[PlyCount "57"]
[EventDate "2014.04.13"]
[EventType "tourn (corr)"]
[EventRounds "6"]
[EventCountry "GER"]
[SourceTitle "Corr 2015"]
[Source "ChessBase"]
[SourceDate "2015.07.17"]
[SourceVersion "1"]
[SourceVersionDate "2015.07.17"]
[SourceQuality "1"]

1. e4 c6 2. d4 d5 3. e5 Bf5 4. Nf3 e6 5. Be2 c5 6. c3 Nc6 7. 0-0 Nge7 8. dxc5 Ng6 9. b4 Ngxe5 10. Nd4 Nxd4 11. cxd4 Nc6 12. b5 Nb8 13. g4 Bxb1 14. Rxb1 Be7 15. Bf4 0-0 16. Qc2 Bf6 17. c6 Qb6 18. Qd2 bxc6 19. bxc6 Qxc6 20. Rfc1 Qd7 21. Rc7 Qa4 22. g5 Bd8 23. Bb5 Qxb5 24. Rxb5 Bxc7 25. Bxc7 Nc6 26. Bd6 Rfd8 27. Rb7 Nxd4 28. Qxd4 Rab8 29. Rxb8 1-0

[Event "SE-2014-0-00164"]
[Site "LSS email"]
[Date "2014.04.23"]
[Round "?"]
[White "Shapovalov, Sergey"]
[Black "Borisov, Alex"]
[Result "0-1"]
[WhiteElo "1492"]
[BlackElo "1696"]
[PlyCount "82"]
[EventDate "2014.03.06"]
[EventType "tourn (corr)"]
[EventRounds "6"]
[EventCountry "GER"]
[SourceTitle "Corr 2015"]
[Source "ChessBase"]
[SourceDate "2015.07.17"]
[SourceVersion "1"]
[SourceVersionDate "2015.07.17"]
[SourceQuality "1"]

1. e4 c5 2. Nf3 d6 3. d4 cxd4 4. Nxd4 Nf6 5. Nc3 a6 6. Bg5 e6 7. f4 Qb6 8. Qd2 Qxb2 9. Rb1 Qa3 10. Be2 Nbd7 11. 0-0 Qc5 12. Kh1 Be7 13. Rf3 h6 14. Rh3 b5 15. Bf3 Ra7 16. e5 dxe5 17. Nc6 Rc7 18. Bxf6 gxf6 19. Ne4 Qxc6 20. Nxf6+ Nxf6 21. Bxc6+ Rxc6 22. fxe5 Ne4 23. Qe2 Rc4 24. Re3 Nc5 25. Rg3 h5 26. a4 Rxa4 27. Rf1 Ne4 28. Rd3 h4 29. Qf3 Rh7 30. Rfd1 h3 31. Rc3 Bb7 32. Rc7 Bd5 33. Kg1 Kd8 34. Rxe7 Kxe7 35. g3 Rc4 36. Qa3+ Ke8 37. Qa2 Rh5 38. Rd3 Rf5 39. g4 Rf2 40. Rxh3 Rcxc2 41. Qxc2 Rxc2 0-1

[Event "BI-2014-P-0034"]
[Site "LSS email"]
[Date "2014.04.19"]
[Round "?"]
[White "Borisov, Alex"]
[Black "Bauer, Rudolf"]
[Result "1-0"]
[WhiteElo "1696"]
[BlackElo "1725"]
[PlyCount "71"]
[EventDate "2014.04.25"]
[EventType "tourn (corr)"]
[EventRounds "10"]
[EventCountry "GER"]
[SourceTitle "Corr 2015"]
[Source "ChessBase"]
[SourceDate "2015.07.17"]
[SourceVersion "1"]
[SourceVersionDate "2015.07.17"]
[SourceQuality "1"]

1. e4 c5 2. Nf3 Nc6 3. Nc3 e6 4. Bb5 Nd4 5. 0-0 a6 6. Bd3 Nc6 7. Be2 Qb6 8. a3 Nf6 9. b4 cxb4 10. axb4 Bxb4 11. e5 Ng4 12. Na4 Qa5 13. d4 b5 14. Nd2 Ngxe5 15. dxe5 bxa4 16. Nc4 Qc7 17. Nd6+ Bxd6 18. exd6 Qa5 19. Bf3 Qb5 20. c4 Qb3 21. Qd2 h6 22. Bb2 f6 23. Rab1 Rb8 24. Bxf6 Qxb1 25. Bxg7 Qg6 26. Bxh8 Rb1 27. Rd1 Rxd1+ 28. Qxd1 Qh7 29. Bc3 e5 30. c5 Bb7 31. h4 Kf8 32. Bd2 Kg7 33. Bd5 Qf5 34. g4 Qg6 35. h5 Qf6 36. Qxa4 1-0

[Event "BI-2014-P-0034"]
[Site "LSS email"]
[Date "2014.04.19"]
[Round "?"]
[White "Borisov, Alex"]
[Black "Couspeyre, Thierry"]
[Result "1-0"]
[WhiteElo "1696"]
[BlackElo "1175"]
[PlyCount "39"]
[EventDate "2014.04.25"]
[EventType "tourn (corr)"]
[EventRounds "10"]
[EventCountry "GER"]
[SourceTitle "Corr 2015"]
[Source "ChessBase"]
[SourceDate "2015.07.17"]
[SourceVersion "1"]
[SourceVersionDate "2015.07.17"]
[SourceQuality "1"]

1. e4 g6 2. d4 Bg7 3. Nc3 d6 4. f4 Nf6 5. Nf3 0-0 6. Bd3 c5 7. dxc5 dxc5 8. e5 Ne8 9. Be3 Nd7 10. h4 h5 11. g4 hxg4 12. h5 g5 13. h6 gxf4 14. Bh7+ Kh8 15. hxg7+ Kxg7 16. Nh4 Nef6 17. Nf5+ Kh8 18. Nd5 Nxe5 19. Bg6+ Kg8 20. Ndxe7+ 1-0

[Event "SF-2014-0-00229"]
[Site "LSS email"]
[Date "2014.04.03"]
[Round "?"]
[White "Borisov, Alex"]
[Black "Trevis, Robert R"]
[Result "1-0"]
[WhiteElo "1852"]
[BlackElo "1000"]
[PlyCount "39"]
[EventDate "2014.03.02"]
[EventType "tourn (corr)"]
[EventRounds "6"]
[EventCountry "GER"]
[SourceTitle "Corr 2015"]
[Source "ChessBase"]
[SourceDate "2015.07.17"]
[SourceVersion "1"]
[SourceVersionDate "2015.07.17"]
[SourceQuality "1"]

1. e4 e5 2. Nf3 Nc6 3. Bb5 a6 4. Ba4 Nf6 5. 0-0 Nxe4 6. d4 b5 7. Bb3 d5 8. dxe5 Be6 9. Nbd2 Nc5 10. c3 Bg4 11. Bc2 Be7 12. Re1 0-0 13. Nb3 Re8 14. h3 Nxb3 15. axb3 Bh5 16. e6 Qd6 17. Bxh7+ Kxh7 18. Ng5+ Kg6 19. g4 Bxg5 20. Qc2+ 1-0

[Event "SF-2014-0-00229"]
[Site "LSS email"]
[Date "2014.04.03"]
[Round "?"]
[White "Kratky, Josef"]
[Black "Borisov, Alex"]
[Result "0-1"]
[WhiteElo "1202"]
[BlackElo "1852"]
[PlyCount "42"]
[EventDate "2014.03.02"]
[EventType "tourn (corr)"]
[EventRounds "6"]
[EventCountry "GER"]
[SourceTitle "Corr 2015"]
[Source "ChessBase"]
[SourceDate "2015.07.17"]
[SourceVersion "1"]
[SourceVersionDate "2015.07.17"]
[SourceQuality "1"]

1. Nf3 d5 2. c4 d4 3. e3 Nc6 4. b4 dxe3 5. fxe3 Nxb4 6. d4 e5 7. Nxe5 Bd6 8. Nf3 Bf5 9. Na3 c5 10. Be2 Nf6 11. 0-0 a6 12. Bd2 0-0 13. Bxb4 cxb4 14. Nc2 Rc8 15. c5 Ng4 16. Bd3 Bxd3 17. Qxd3 Bxc5 18. Qe4 Nf6 19. Qxb7 Bd6 20. Rac1 Qa5 21. e4 Rc7 0-1

[Event "SN-2014-0-00584"]
[Site "LSS email"]
[Date "2014.03.26"]
[Round "?"]
[White "Newton, Daryl"]
[Black "Borisov, Alex"]
[Result "0-1"]
[WhiteElo "531"]
[BlackElo "1353"]
[PlyCount "62"]
[EventDate "2014.03.10"]
[EventType "tourn (corr)"]
[EventRounds "6"]
[EventCountry "GER"]
[SourceTitle "Telechess CBM 167"]
[Source "ChessBase"]
[SourceDate "2015.07.13"]
[SourceVersion "1"]
[SourceVersionDate "2015.07.13"]
[SourceQuality "1"]

1. e4 c5 2. Bc4 e6 3. e5 Nc6 4. Nc3 Nxe5 5. Be2 d5 6. d4 cxd4 7. Qxd4 Nc6 8. Qa4 Nf6 9. Bb5 Bd7 10. Nf3 Bd6 11. Nd4 a6 12. Nxc6 axb5 13. Qxb5 bxc6 14. Qd3 Qb8 15. Qe2 c5 16. Bg5 Qxb2 17. Qd1 Qxc3+ 18. Kf1 Ne4 19. h4 Bb5+ 20. Kg1 Be5 21. Rb1 Bd4 22. Rh3 Nxf2 23. Qf3 Nxh3+ 24. Kh1 Qxc2 25. Rxb5 Nxg5 26. hxg5 Qc1+ 27. Kh2 Qg1+ 28. Kg3 Be5+ 29. Kh4 Ra4+ 30. g4 Qh2+ 31. Qh3 Bg3+ 0-1

[Event "RN-2014-0-00782"]
[Site "LSS email"]
[Date "2014.03.26"]
[Round "?"]
[White "Ortega, Rayner"]
[Black "Borisov, Alex"]
[Result "0-1"]
[WhiteElo "564"]
[BlackElo "1589"]
[PlyCount "62"]
[EventDate "2014.03.16"]
[EventType "tourn (corr)"]
[EventRounds "6"]
[EventCountry "GER"]
[SourceTitle "Telechess CBM 167"]
[Source "ChessBase"]
[SourceDate "2015.07.13"]
[SourceVersion "1"]
[SourceVersionDate "2015.07.13"]
[SourceQuality "1"]

1. e4 c5 2. c3 e6 3. d4 cxd4 4. cxd4 d5 5. e5 Nc6 6. Bd2 Nxd4 7. Qa4+ Nc6 8. Nf3 Bd7 9. Be2 Nxe5 10. Qd4 Nc6 11. Qe3 Nf6 12. 0-0 Ne4 13. a3 Bc5 14. Qd3 Nxf2 15. Rxf2 Qb6 16. Kf1 Bxf2 17. Nc3 a6 18. Na4 Qa7 19. Bc3 0-0 20. Ng5 f5 21. Nh3 Be3 22. Bd2 Bxd2 23. Qxd2 Nd4 24. Qd1 Nxe2 25. Qxe2 Bb5 26. Qxb5 axb5 27. Nc3 b4 28. Nb5 Qc5 29. a4 Rxa4 30. Nd6 Rxa1+ 31. Ke2 Qc2+ 0-1

[Event "SN-2014-0-00584"]
[Site "LSS email"]
[Date "2014.03.26"]
[Round "?"]
[White "Ortega, Rayner"]
[Black "Borisov, Alex"]
[Result "0-1"]
[WhiteElo "619"]
[BlackElo "1353"]
[PlyCount "42"]
[EventDate "2014.03.10"]
[EventType "tourn (corr)"]
[EventRounds "6"]
[EventCountry "GER"]
[SourceTitle "Telechess CBM 167"]
[Source "ChessBase"]
[SourceDate "2015.07.13"]
[SourceVersion "1"]
[SourceVersionDate "2015.07.13"]
[SourceQuality "1"]

1. e4 c5 2. c4 Nc6 3. Nf3 Nf6 4. Qe2 d6 5. Nc3 Bg4 6. h3 Nd4 7. Qd3 Bxf3 8. gxf3 g6 9. Nd5 Nd7 10. b4 Ne5 11. Qa3 Nc2+ 12. Kd1 Nxa3 13. Bxa3 e6 14. Nc3 Nxf3 15. Be2 Qf6 16. Bxf3 Qxf3+ 17. Kc2 d5 18. Bb2 cxb4 19. Nb5 Qxe4+ 20. d3 Qe2+ 21. Kc1 Bh6+ 0-1